00453nam a22001457a 4500008004100000020002200041040005500063080001700118245005000135260005200185300001400237650001400251653001600265700002600281230515b |||||||| |||| 00| 0 eng d a978-0-521-87812-8 aNational Science LibrarycNational Science Library a551.4.06bP9 aGeomorphology and global environmental change aCambridge: bCambridge University Press, c2009 axv, 434p. aGeography aEnvironment aSlaymaker, Olav (Ed.)